[Event "GBR-ch105 Major Open"]
[Site "Hull"]
[Date "2018.08.03"]
[Round "7"]
[White "Modi, Shyam Jagdish"]
[Black "Willow, Jonah B"]
[Result "0-1"]
[WhiteElo "1973"]
[BlackElo "2265"]
[PlyCount "80"]
[EventDate "2018.07.28"]
[EventType "swiss"]
[EventRounds "9"]
[EventCountry "GBR"]
[SourceTitle "CBM 185 Extra"]
[Source "ChessBase"]
[SourceDate "2018.06.29"]
[SourceVersion "1"]
[SourceVersionDate "2018.06.29"]
[SourceQuality "1"]

1. d4 Nf6 2. c4 e6 3. g3 c5 4. d5 exd5 5. cxd5 d6 6. Nc3 g6 7. Bg2 Bg7 8. Nf3
O-O 9. O-O a6 10. a4 Nbd7 11. Bf4 Qc7 12. h3 Nh5 13. Bd2 Rb8 14. Rc1 Re8 15. b4
b6 16. b5 Ne5 17. Nxe5 Bxe5 18. bxa6 Bxa6 19. Nb5 Bxb5 20. axb5 Ra8 21. Bc3
Bxc3 22. Rxc3 Ra2 23. Re1 Qd7 24. Qd3 Ra4 25. e4 Nf6 26. f4 Rd4 27. Qb1 Rb4 28.
Rb3 Nxd5 29. e5 dxe5 30. Bxd5 Qxd5 31. Rxb4 cxb4 32. Qxb4 Qf3 33. fxe5 Qxg3+
34. Kh1 Qxh3+ 35. Kg1 Qg3+ 36. Kh1 Rxe5 37. Rxe5 Qxe5 38. Qc4 Kg7 39. Qc6 Qd4
40. Kg2 h5 0-1

[Event "GBR-ch105 Major Open"]
[Site "Hull"]
[Date "2018.08.03"]
[Round "7"]
[White "Nayak, Raghav"]
[Black "Jayawarna, Nugith"]
[Result "1/2-1/2"]
[WhiteElo "1901"]
[BlackElo "2013"]
[PlyCount "77"]
[EventDate "2018.07.28"]
[EventType "swiss"]
[EventRounds "9"]
[EventCountry "GBR"]
[SourceTitle "CBM 185 Extra"]
[Source "ChessBase"]
[SourceDate "2018.06.29"]
[SourceVersion "1"]
[SourceVersionDate "2018.06.29"]
[SourceQuality "1"]

1. e4 c5 2. Nf3 e6 3. d4 cxd4 4. Nxd4 Nc6 5. Nc3 Qc7 6. Ndb5 Qb8 7. Be3 a6 8.
Bb6 axb5 9. Nxb5 Bb4+ 10. c3 Ba5 11. Nc7+ Qxc7 12. Bxc7 Bxc7 13. Qg4 Kf8 14.
Bb5 Nf6 15. Qe2 b6 16. O-O Bb7 17. a4 h5 18. f4 g6 19. b4 d5 20. e5 Ne4 21. Qc2
Kg7 22. Bd3 Ne7 23. c4 Rhc8 24. Rac1 Nf5 25. Rfe1 Bd8 26. Bxe4 dxe4 27. Qd2 Bh4
28. g3 Rd8 29. Qb2 e3 30. gxh4 Rd2 31. Rc2 Rad8 32. c5 Be4 33. Rxd2 Rxd2 34.
Qc3 Rg2+ 35. Kf1 Rf2+ 36. Kg1 Rg2+ 37. Kf1 Rf2+ 38. Kg1 Rg2+ 39. Kf1 1/2-1/2

[Event "GBR-ch105 Major Open"]
[Site "Hull"]
[Date "2018.08.03"]
[Round "7"]
[White "Nelson, Omowale"]
[Black "Forster, Matthew"]
[Result "1-0"]
[WhiteElo "1966"]
[BlackElo "1940"]
[PlyCount "119"]
[EventDate "2018.07.28"]
[EventType "swiss"]
[EventRounds "9"]
[EventCountry "GBR"]
[SourceTitle "CBM 185 Extra"]
[Source "ChessBase"]
[SourceDate "2018.06.29"]
[SourceVersion "1"]
[SourceVersionDate "2018.06.29"]
[SourceQuality "1"]

1. d4 d5 2. c4 dxc4 3. Nf3 Nf6 4. e3 Bg4 5. Bxc4 e6 6. O-O a6 7. h3 Bh5 8. Nc3
c5 9. Be2 cxd4 10. Nxd4 Bxe2 11. Qxe2 Nc6 12. Nxc6 bxc6 13. e4 Be7 14. Be3 O-O
15. Qc4 Qc7 16. Na4 Rfb8 17. a3 Rb5 18. f4 Rab8 19. Rac1 a5 20. Rc3 h6 21. Rd1
c5 22. Bc1 Qc6 23. e5 Nd5 24. Rg3 Bf8 25. f5 Kh8 26. fxe6 fxe6 27. Qg4 Rb3 28.
Nc3 Nxc3 29. bxc3 Rb1 30. Kh2 Qc7 31. Qxe6 Qe7 32. Qd5 g5 33. Qd6 Qxd6 34. exd6
Rxc1 35. Rxc1 Bxd6 36. Rd1 Bxg3+ 37. Kxg3 Rb3 38. Kg4 Rxc3 39. Kh5 Kg7 40. Rd6
Rc4 41. Rg6+ Kf7 42. Kxh6 g4 43. hxg4 Rc2 44. g5 Rxg2 45. Rf6+ Kg8 46. Ra6 c4
47. Rxa5 c3 48. Rc5 c2 49. Kg6 Kf8 50. a4 Rd2 51. a5 Rd6+ 52. Kh7 Rd7+ 53. Kh6
Rd6+ 54. g6 Rd2 55. Rc8+ Ke7 56. a6 Rd6 57. a7 Ra6 58. Rxc2 Rxa7 59. g7 Ra1 60.
g8=Q 1-0

[Event "GBR-ch105 Major Open"]
[Site "Hull"]
[Date "2018.08.03"]
[Round "7"]
[White "Ogunshola, Ben"]
[Black "Rocco, Federico"]
[Result "1/2-1/2"]
[WhiteElo "2143"]
[BlackElo "2140"]
[PlyCount "114"]
[EventDate "2018.07.28"]
[EventType "swiss"]
[EventRounds "9"]
[EventCountry "GBR"]
[SourceTitle "CBM 185 Extra"]
[Source "ChessBase"]
[SourceDate "2018.06.29"]
[SourceVersion "1"]
[SourceVersionDate "2018.06.29"]
[SourceQuality "1"]

1. c4 c5 2. Nc3 g6 3. g3 Bg7 4. Bg2 Nc6 5. h4 h6 6. d3 e6 7. e4 Nge7 8. Be3 Nd4
9. Qd2 d6 10. Rb1 Nec6 11. Nce2 a6 12. b3 Rb8 13. f4 b5 14. Nf3 Nxe2 15. Kxe2
Nd4+ 16. Kf2 Bb7 17. Rbe1 O-O 18. Rhf1 bxc4 19. dxc4 d5 20. cxd5 exd5 21. Bxd4
Bxd4+ 22. Nxd4 dxe4 23. Nf3 exf3 24. Qxd8 Rfxd8 25. Bxf3 Bxf3 26. Kxf3 c4 27.
bxc4 Rbc8 28. Rc1 Rd3+ 29. Kg2 Rd4 30. c5 Rd5 31. c6 Rd6 32. c7 Rd7 33. Rc6
Rcxc7 34. Rxa6 Rc3 35. Rf3 Rd2+ 36. Rf2 Rdd3 37. h5 gxh5 38. Rxh6 Rxg3+ 39. Kf1
Rc1+ 40. Ke2 Rc2+ 41. Kf1 Rc1+ 42. Ke2 Ra3 43. Rxh5 Kg7 44. Rd5 Rxa2+ 45. Kf3
Ra3+ 46. Kg4 Rg1+ 47. Kf5 Rh3 48. Rdd2 Rh5+ 49. Ke4 Kf6 50. Ra2 Re1+ 51. Rfe2
Rxe2+ 52. Rxe2 Ra5 53. Rb2 Ra4+ 54. Kf3 Kg6 55. Rb6+ f6 56. Kg4 Rc4 57. Ra6 Rb4
1/2-1/2

[Event "GBR-ch105 Major Open"]
[Site "Hull"]
[Date "2018.08.03"]
[Round "7"]
[White "Robertson, Jim"]
[Black "Verma, Shlok"]
[Result "1-0"]
[WhiteElo "1604"]
[BlackElo "1623"]
[PlyCount "111"]
[EventDate "2018.07.28"]
[EventType "swiss"]
[EventRounds "9"]
[EventCountry "GBR"]
[SourceTitle "CBM 185 Extra"]
[Source "ChessBase"]
[SourceDate "2018.06.29"]
[SourceVersion "1"]
[SourceVersionDate "2018.06.29"]
[SourceQuality "1"]

1. d4 d5 2. e3 Nf6 3. Bd3 e6 4. f4 c5 5. c3 Nc6 6. Nf3 cxd4 7. exd4 Bd6 8. Qe2
Qc7 9. Ne5 Nd7 10. O-O O-O 11. Be3 b6 12. Nd2 Bb7 13. Qg4 f5 14. Qh3 Rf6 15. g4
Rh6 16. Qg2 Bxe5 17. fxe5 Rg6 18. h3 Qd8 19. Nf3 Na5 20. Qf2 Nc4 21. Bc1 Qe7
22. b3 Na5 23. Nh4 Rf8 24. Nxg6 hxg6 25. Qg3 Rc8 26. Bb2 Kf7 27. Rae1 Rh8 28.
gxf5 gxf5 29. Bxf5 exf5 30. e6+ Kf6 31. exd7 Qxd7 32. Re5 Rh5 33. Qf3 g6 34.
Rfe1 Kf7 35. Ba3 Nc6 36. Re8 Rh7 37. Qe3 Kf6 38. Qe6+ Qxe6 39. R1xe6+ Kf7 40.
Re3 Kf6 41. Kg2 Kf7 42. Rf8+ Kg7 43. Ree8 a6 44. Rg8+ Kf6 45. Kg3 a5 46. h4 f4+
47. Kg4 Rf7 48. Ref8 f3 49. Rxf7+ Kxf7 50. Rf8+ Kg7 51. Rxf3 Ba6 52. Kg5 Nd8
53. Bf8+ Kh7 54. Be7 Ne6+ 55. Kf6 Ng7 56. Bd8 1-0

[Event "GBR-ch105 Major Open"]
[Site "Hull"]
[Date "2018.08.03"]
[Round "7"]
[White "Royal, Shreyas"]
[Black "Villiers, Thomas"]
[Result "0-1"]
[WhiteElo "1927"]
[BlackElo "2173"]
[PlyCount "48"]
[EventDate "2018.07.28"]
[EventType "swiss"]
[EventRounds "9"]
[EventCountry "GBR"]
[SourceTitle "CBM 185 Extra"]
[Source "ChessBase"]
[SourceDate "2018.06.29"]
[SourceVersion "1"]
[SourceVersionDate "2018.06.29"]
[SourceQuality "1"]

1. d4 d5 2. Nf3 Nf6 3. c4 dxc4 4. e3 b5 5. a4 c6 6. axb5 cxb5 7. b3 e6 8. bxc4
bxc4 9. Bxc4 Be7 10. O-O O-O 11. Ba3 Nbd7 12. Qb3 Nb6 13. Nbd2 Nxc4 14. Nxc4
Bd7 15. Rfb1 Bc6 16. Nfe5 Bd5 17. Bxe7 Qxe7 18. Ra5 Rfc8 19. Qa4 Ne4 20. Rc1
Nd2 21. Rc2 Nxc4 22. Nxc4 Rc7 23. Na3 Rxc2 24. Qxc2 Qb4 0-1

[Event "GBR-ch105 Major Open"]
[Site "Hull"]
[Date "2018.08.03"]
[Round "7"]
[White "Shaw, Peter"]
[Black "Whitehead, Mark A"]
[Result "1-0"]
[WhiteElo "2093"]
[BlackElo "1906"]
[PlyCount "81"]
[EventDate "2018.07.28"]
[EventType "swiss"]
[EventRounds "9"]
[EventCountry "GBR"]
[SourceTitle "CBM 185 Extra"]
[Source "ChessBase"]
[SourceDate "2018.06.29"]
[SourceVersion "1"]
[SourceVersionDate "2018.06.29"]
[SourceQuality "1"]

1. d4 Nf6 2. c4 e6 3. Nf3 Bb4+ 4. Nbd2 Nc6 5. a3 Bxd2+ 6. Qxd2 d5 7. e3 O-O 8.
b4 Ne4 9. Qc2 f5 10. Bd3 Bd7 11. O-O Ne7 12. a4 Ng6 13. b5 c6 14. Ba3 Re8 15.
Rfc1 Rc8 16. Qd1 Qf6 17. g3 e5 18. cxd5 cxd5 19. Qb3 Be6 20. Nxe5 Nd2 21. Qd1
Nc4 22. Nxc4 dxc4 23. Be2 f4 24. exf4 Nxf4 25. gxf4 Qg6+ 26. Kh1 Bd5+ 27. f3
Re3 28. Qf1 Qe6 29. Rc2 Re8 30. Raa2 c3 31. Bc1 Bxf3+ 32. Bxf3 Re1 33. Qxe1
Qxe1+ 34. Kg2 Rd8 35. d5 Rd6 36. f5 g6 37. Bf4 Rf6 38. Re2 Qh4 39. Bg3 Qc4 40.
fxg6 Rxg6 41. d6 1-0

[Event "GBR-ch105 Major Open"]
[Site "Hull"]
[Date "2018.08.03"]
[Round "7"]
[White "Sheppard, Derek Alan"]
[Black "Kirupakaran, Vishnu"]
[Result "0-1"]
[WhiteElo "1747"]
[BlackElo "1812"]
[PlyCount "142"]
[EventDate "2018.07.28"]
[EventType "swiss"]
[EventRounds "9"]
[EventCountry "GBR"]
[SourceTitle "CBM 185 Extra"]
[Source "ChessBase"]
[SourceDate "2018.06.29"]
[SourceVersion "1"]
[SourceVersionDate "2018.06.29"]
[SourceQuality "1"]

1. d4 d5 2. Bf4 Nf6 3. e3 c5 4. c3 Nc6 5. Nd2 e6 6. Ngf3 Bd6 7. Bxd6 Qxd6 8.
Bb5 O-O 9. O-O b6 10. Bxc6 Qxc6 11. Ne5 Qc7 12. Qa4 Bb7 13. b4 Ne4 14. Nxe4
dxe4 15. bxc5 bxc5 16. Nc4 Rfc8 17. Na3 Bc6 18. Qc4 cxd4 19. cxd4 Qe7 20. Qc5
Qd7 21. Qa5 Bd5 22. Rab1 Bxa2 23. Rb2 Bd5 24. Rfb1 Qc7 25. Qd2 h6 26. g3 a5 27.
Rc2 Qe7 28. Nb5 Rxc2 29. Qxc2 Rb8 30. Nc3 Rxb1+ 31. Qxb1 Qb4 32. Qa1 Bc6 33.
Kg2 a4 34. Nb1 Bd5 35. Na3 Qb3 36. Qc1 Kh7 37. h4 Qd3 38. Qa1 Bb3 39. Qc1 Bd5
40. Qa1 Qb3 41. Qc1 Qa2 42. Kg1 Bb3 43. Kg2 Qe2 44. Kg1 h5 45. Qa1 Qg4 46. Kh2
g5 47. hxg5 h4 48. g6+ Kxg6 49. Qg1 Kh5 50. Qg2 Bd1 51. Qh3 Qxh3+ 52. Kxh3 Bg4+
53. Kh2 h3 54. Nc4 Kg5 55. Na3 Kf6 56. Nc4 Ke7 57. Kg1 Bf3 58. Kh2 Bg2 59. Kg1
Kd8 60. Kh2 Kc7 61. Kg1 Kb7 62. g4 Ka6 63. g5 Kb5 64. Nd6+ Kb4 65. Nxf7 a3 66.
g6 a2 67. g7 a1=Q+ 68. Kh2 Bf3 69. Ng5 Qh1+ 70. Kg3 Qg2+ 71. Kf4 Qg4+ 0-1

[Event "GBR-ch105 Major Open"]
[Site "Hull"]
[Date "2018.08.03"]
[Round "7"]
[White "Sivarajasingam, Venetia"]
[Black "Johnson, Paul A"]
[Result "1/2-1/2"]
[WhiteElo "1843"]
[BlackElo "1842"]
[PlyCount "75"]
[EventDate "2018.07.28"]
[EventType "swiss"]
[EventRounds "9"]
[EventCountry "GBR"]
[SourceTitle "CBM 185 Extra"]
[Source "ChessBase"]
[SourceDate "2018.06.29"]
[SourceVersion "1"]
[SourceVersionDate "2018.06.29"]
[SourceQuality "1"]

1. e4 c5 2. Nf3 d6 3. Bb5+ Bd7 4. Bxd7+ Nxd7 5. O-O Ngf6 6. Re1 g6 7. c3 Bg7 8.
d4 e5 9. Na3 O-O 10. h3 h6 11. Nc4 Qc7 12. dxe5 dxe5 13. Qc2 b5 14. Ne3 Nb6 15.
c4 bxc4 16. Nxc4 Nfd7 17. b3 Nxc4 18. Qxc4 Nb6 19. Qc2 Rac8 20. Be3 c4 21. Rac1
c3 22. Bxb6 Qxb6 23. Re3 Qb4 24. Rxc3 Rxc3 25. Qxc3 Qxe4 26. Qc7 Re8 27. Qxa7
Ra8 28. Qd7 Rxa2 29. Rc8+ Kh7 30. Qxf7 Ra1+ 31. Kh2 Qf4+ 32. Qxf4 exf4 33. g3
fxg3+ 34. Kxg3 Rb1 35. Rb8 Bc3 36. Kf4 Rb2 37. Ke3 Kg7 38. Rb7+ 1/2-1/2

[Event "GBR-ch105 Major Open"]
[Site "Hull"]
[Date "2018.08.03"]
[Round "7"]
[White "Somton, Anita"]
[Black "Dawson, Euan"]
[Result "1/2-1/2"]
[WhiteElo "1843"]
[BlackElo "1785"]
[PlyCount "95"]
[EventDate "2018.07.28"]
[EventType "swiss"]
[EventRounds "9"]
[EventCountry "GBR"]
[SourceTitle "CBM 185 Extra"]
[Source "ChessBase"]
[SourceDate "2018.06.29"]
[SourceVersion "1"]
[SourceVersionDate "2018.06.29"]
[SourceQuality "1"]

1. e4 c5 2. Nc3 g6 3. f4 Bg7 4. Nf3 e6 5. g3 Nc6 6. Bg2 Nge7 7. O-O O-O 8. d3
d6 9. Kh1 Rb8 10. g4 f5 11. exf5 exf5 12. g5 b5 13. Ne2 a5 14. c3 b4 15. d4 Ba6
16. Re1 Re8 17. Ng3 Qb6 18. dxc5 dxc5 19. Ne5 Nxe5 20. fxe5 bxc3 21. bxc3 Bb7
22. Qc2 Bxg2+ 23. Qxg2 Qc6 24. Ba3 Qxg2+ 25. Kxg2 c4 26. Rac1 Nd5 27. Bd6 Rb2+
28. Kf3 Rxa2 29. Red1 Ne7 30. h4 Nc6 31. Rd5 Nxe5+ 32. Bxe5 Rxe5 33. Rxe5 Bxe5
34. Ne2 Rd2 35. Ra1 Rd3+ 36. Kf2 Rd5 37. Ra4 Rc5 38. Ke3 h6 39. gxh6 Kh7 40.
Nd4 Kxh6 41. Ne6 Rc6 42. Nd4 Rc5 43. Ne6 Rc8 44. Nd4 Bf6 45. Rxa5 Bxh4 46. Ra6
Bg5+ 47. Kf3 Bd2 48. Nxf5+ 1/2-1/2

[Event "GBR-ch105 Major Open"]
[Site "Hull"]
[Date "2018.08.03"]
[Round "7"]
[White "Starley, Robert"]
[Black "Holton, Jake"]
[Result "1-0"]
[WhiteElo "2107"]
[BlackElo "1901"]
[PlyCount "114"]
[EventDate "2018.07.28"]
[EventType "swiss"]
[EventRounds "9"]
[EventCountry "GBR"]
[SourceTitle "CBM 185 Extra"]
[Source "ChessBase"]
[SourceDate "2018.06.29"]
[SourceVersion "1"]
[SourceVersionDate "2018.06.29"]
[SourceQuality "1"]

1. e4 c5 2. Nf3 e6 3. d4 cxd4 4. Nxd4 Nf6 5. Nc3 Bb4 6. Ndb5 Nxe4 7. Qd4 Bxc3+
8. bxc3 d5 9. Qxg7 Rf8 10. Bh6 Nd7 11. Bf4 Qb6 12. Qd4 e5 13. Bxe5 Nxe5 14.
Qxe5+ Be6 15. Qd4 Qc6 16. f3 Nd6 17. Qb4 Ke7 18. Nxd6 Qxd6 19. Qxb7+ Kf6 20.
Qb4 Qe5+ 21. Kf2 Rfc8 22. Qh4+ Kg7 23. Bd3 h6 24. Qd4 Qf6 25. Rab1 Rxc3 26.
Qxf6+ Kxf6 27. a4 a5 28. Rb3 Rc7 29. Rb6 Kg7 30. Ke3 Rc3 31. Ra1 Rac8 32. Rb5
Ra8 33. Kd4 Rc7 34. Rc5 Rb7 35. Bb5 Rd8 36. Ra3 Bf5 37. Rac3 Be6 38. Rc7 Rdb8
39. Rxb7 Rxb7 40. Rc5 Rb8 41. Rc7 Ra8 42. Ke5 d4 43. Kxd4 Rd8+ 44. Ke3 Bf5 45.
Rc5 Be6 46. Bd3 Ra8 47. Be4 Ra7 48. c4 Bd7 49. Bc2 Ra6 50. Kd4 Be6 51. f4 f6
52. Rc7+ Kg8 53. c5 Ra8 54. c6 Rd8+ 55. Kc5 Rd2 56. Be4 Ra2 57. Re7 Bg4 1-0

[Event "GBR-ch105 Major Open"]
[Site "Hull"]
[Date "2018.08.03"]
[Round "7"]
[White "Taylor, Adam A"]
[Black "Smith, Andrew Philip"]
[Result "1/2-1/2"]
[WhiteElo "2146"]
[BlackElo "2102"]
[PlyCount "93"]
[EventDate "2018.07.28"]
[EventType "swiss"]
[EventRounds "9"]
[EventCountry "GBR"]
[SourceTitle "CBM 185 Extra"]
[Source "ChessBase"]
[SourceDate "2018.06.29"]
[SourceVersion "1"]
[SourceVersionDate "2018.06.29"]
[SourceQuality "1"]

1. Nf3 d5 2. g3 Nf6 3. Bg2 e6 4. O-O Be7 5. c4 O-O 6. d3 Nc6 7. Nc3 d4 8. Ne4
Nxe4 9. dxe4 e5 10. e3 Be6 11. b3 Bg4 12. h3 Bxf3 13. Qxf3 Bc5 14. Rb1 dxe3 15.
Bxe3 Bxe3 16. fxe3 Qe7 17. Rbd1 Rad8 18. h4 Rxd1 19. Rxd1 Rd8 20. Rd5 Nb4 21.
Rxd8+ Qxd8 22. a3 Nc2 23. Qe2 Nxa3 24. Qb2 Qd6 25. Qc3 f6 26. Kh2 Nb1 27. Qc2
Nd2 28. Kg1 Qb4 29. Qd3 Nxb3 30. Qd5+ Kf8 31. h5 Qc5 32. Qd8+ Kf7 33. Qd7+ Qe7
34. Qd5+ Qe6 35. Qxb7 Qxc4 36. Bf1 Qc3 37. Qb5 Qxe3+ 38. Kh2 Qf2+ 39. Kh3 Nc5
40. Bc4+ Ke7 41. Qc6 Qd4 42. Bd5 Nd7 43. Qe6+ Kd8 44. Qg8+ Ke7 45. Qe6+ Kd8 46.
Qg8+ Ke7 47. Qe6+ 1/2-1/2

[Event "GBR-ch105 Major Open"]
[Site "Hull"]
[Date "2018.08.03"]
[Round "7"]
[White "Teh, Eu Wen Aron"]
[Black "Stoyanov, Viktor"]
[Result "1/2-1/2"]
[WhiteElo "2286"]
[BlackElo "2177"]
[PlyCount "82"]
[EventDate "2018.07.28"]
[EventType "swiss"]
[EventRounds "9"]
[EventCountry "GBR"]
[SourceTitle "CBM 185 Extra"]
[Source "ChessBase"]
[SourceDate "2018.06.29"]
[SourceVersion "1"]
[SourceVersionDate "2018.06.29"]
[SourceQuality "1"]

1. d4 Nf6 2. c4 g6 3. Nc3 d5 4. cxd5 Nxd5 5. e4 Nxc3 6. bxc3 Bg7 7. Nf3 c5 8.
Rb1 O-O 9. Be2 cxd4 10. cxd4 Qa5+ 11. Bd2 Qxa2 12. O-O Bg4 13. Bg5 h6 14. Be3
Nc6 15. d5 Na5 16. Bc5 b6 17. Bxe7 Rfe8 18. d6 Nc6 19. Bb5 Nxe7 20. Bxe8 Rxe8
21. dxe7 Qa3 22. h3 Be6 23. Nd4 Qxe7 24. Nxe6 Qxe6 25. Re1 Bf8 26. Qb3 Qxb3 27.
Rxb3 Bc5 28. Kf1 Rd8 29. Ke2 Rd4 30. f3 a5 31. Reb1 Kf8 32. Rxb6 Bxb6 33. Rxb6
h5 34. Ra6 Ra4 35. h4 Ra2+ 36. Kf1 Ke7 37. Kg1 Kf8 38. Kh2 Kg7 39. Kg3 Kf8 40.
Kh2 Kg7 41. Kg3 Kf8 1/2-1/2

[Event "GBR-ch105 Major Open"]
[Site "Hull"]
[Date "2018.08.03"]
[Round "7"]
[White "Tomy, Jeff"]
[Black "Akeya Price, Robert A"]
[Result "0-1"]
[WhiteElo "1683"]
[BlackElo "1820"]
[PlyCount "70"]
[EventDate "2018.07.28"]
[EventType "swiss"]
[EventRounds "9"]
[EventCountry "GBR"]
[SourceTitle "CBM 185 Extra"]
[Source "ChessBase"]
[SourceDate "2018.06.29"]
[SourceVersion "1"]
[SourceVersionDate "2018.06.29"]
[SourceQuality "1"]

1. Nf3 d5 2. g3 c5 3. Bg2 Nf6 4. d3 Nc6 5. O-O e6 6. c3 Be7 7. Nbd2 O-O 8. e4
Re8 9. e5 Nd7 10. d4 b5 11. Nb3 c4 12. Nbd2 a5 13. b3 Ba6 14. bxc4 dxc4 15. Ne1
Rc8 16. f4 b4 17. Bb2 Nxd4 18. cxd4 c3 19. Rf2 cxb2 20. Rb1 Nb6 21. Nef3 Rc3
22. Rxb2 Qc7 23. Rb1 Nd5 24. Ne4 Re3 25. Rc1 Qb6 26. Qc2 Bd3 27. Qa4 Bb5 28.
Qc2 b3 29. axb3 Bd3 30. Qa2 Bxe4 31. Qa4 Rb8 32. Ng5 Bxg2 33. Kxg2 h6 34. Rc6
Qxb3 35. Rc8+ Rxc8 0-1

[Event "GBR-ch105 Major Open"]
[Site "Hull"]
[Date "2018.08.03"]
[Round "7"]
[White "Vleeshhouwer, Douglas"]
[Black "Rushbrooke, Remy"]
[Result "1/2-1/2"]
[WhiteElo "1946"]
[BlackElo "1889"]
[PlyCount "133"]
[EventDate "2018.07.28"]
[EventType "swiss"]
[EventRounds "9"]
[EventCountry "GBR"]
[SourceTitle "CBM 185 Extra"]
[Source "ChessBase"]
[SourceDate "2018.06.29"]
[SourceVersion "1"]
[SourceVersionDate "2018.06.29"]
[SourceQuality "1"]

1. e4 e5 2. Nf3 Nf6 3. Nc3 Nc6 4. g3 Be7 5. Bg2 d6 6. h3 O-O 7. d3 a6 8. O-O b5
9. Nh2 Nd4 10. Ne2 Nxe2+ 11. Qxe2 Bb7 12. f4 c5 13. b3 exf4 14. gxf4 Nd7 15.
Nf3 Bf6 16. Rb1 Re8 17. c4 Rb8 18. Qf2 Qa5 19. Be3 bxc4 20. bxc4 Bc6 21. Nh2
Qc3 22. Rbc1 Qa3 23. Ng4 Rb2 24. Rc2 Reb8 25. Nxf6+ Nxf6 26. Bc1 Rxc2 27. Bxa3
Rxf2 28. Kxf2 Ba4 29. Ke3 Nd7 30. Rf2 Rb1 31. Rd2 Nb6 32. Rb2 Rxb2 33. Bxb2 Bc6
34. Bf1 Bd7 35. Ba3 Na4 36. d4 f6 37. Kd3 Kf7 38. Bc1 Bc6 39. Be2 cxd4 40. Kxd4
Nc5 41. Ba3 Nxe4 42. Bf3 f5 43. Bxd6 Ke6 44. Be5 g6 45. h4 a5 46. Be2 Nd2 47.
Kc5 Bf3 48. Bd3 Be4 49. Be2 Bf3 50. Bxf3 Nxf3 51. Bc7 Kd7 52. Bxa5 Nxh4 53. Kd5
Nf3 54. c5 h5 55. c6+ Kc8 56. Bb6 h4 57. Bf2 h3 58. Bg3 h2 59. Bxh2 Nxh2 60. a4
Ng4 61. a5 Nf6+ 62. Ke5 Ne8 63. a6 Kb8 64. Ke6 Nc7+ 65. Kf6 Nxa6 66. Kxg6 Nc5
67. Kxf5 1/2-1/2

[Event "GBR-ch105 Major Open"]
[Site "Hull"]
[Date "2018.08.03"]
[Round "7"]
[White "Volovich, Julia"]
[Black "Rice, Christopher B"]
[Result "0-1"]
[WhiteElo "1651"]
[BlackElo "1972"]
[PlyCount "112"]
[EventDate "2018.07.28"]
[EventType "swiss"]
[EventRounds "9"]
[EventCountry "GBR"]
[SourceTitle "CBM 185 Extra"]
[Source "ChessBase"]
[SourceDate "2018.06.29"]
[SourceVersion "1"]
[SourceVersionDate "2018.06.29"]
[SourceQuality "1"]

1. d4 a6 2. e4 e6 3. c4 d5 4. cxd5 exd5 5. e5 Bb4+ 6. Nc3 Nc6 7. Be3 Nge7 8. a3
Ba5 9. Nf3 Bg4 10. Be2 O-O 11. Qc2 Nf5 12. O-O-O Bb6 13. h3 Bxf3 14. Qxf5 Bxe2
15. Nxe2 Ne7 16. Qg4 Qc8 17. Bg5 Qxg4 18. hxg4 Nc6 19. Rh3 Rae8 20. Nf4 Bxd4
21. Rdh1 Bxe5 22. Rxh7 f6 23. Ng6 fxg5 24. Rh8+ Kf7 25. Nxf8 Rxf8 26. Rxf8+
Kxf8 27. Rh5 Kf7 28. g3 Kg6 29. Rh1 Kf6 30. Rd1 Ne7 31. Kc2 c5 32. Rf1 Ng6 33.
a4 b5 34. axb5 axb5 35. Ra1 Nf8 36. Ra5 Bd4 37. f4 b4 38. Ra6+ Ke7 39. b3 gxf4
40. gxf4 Ne6 41. f5 Ng5 42. Ra7+ Kd6 43. Ra6+ Ke5 44. Kd3 Nh3 45. Re6+ Kf4 46.
Re7 Nf2+ 47. Ke2 Nxg4 48. Kd3 Ne3 49. Ra7 Kxf5 50. Ra2 g5 51. Rf2+ Ke5 52. Rh2
g4 53. Rh4 g3 54. Rh5+ Kf4 55. Rh7 g2 56. Rf7+ Nf5 0-1

[Event "GBR-ch105 Major Open"]
[Site "Hull"]
[Date "2018.08.03"]
[Round "7"]
[White "Warren, Alexander"]
[Black "Turner, Tim M"]
[Result "1-0"]
[WhiteElo "2011"]
[BlackElo "1805"]
[PlyCount "129"]
[EventDate "2018.07.28"]
[EventType "swiss"]
[EventRounds "9"]
[EventCountry "GBR"]
[SourceTitle "CBM 185 Extra"]
[Source "ChessBase"]
[SourceDate "2018.06.29"]
[SourceVersion "1"]
[SourceVersionDate "2018.06.29"]
[SourceQuality "1"]

1. d4 Nf6 2. Bf4 g6 3. Nc3 d5 4. e3 Bg7 5. h4 h5 6. Nb5 Na6 7. Nf3 c6 8. Nc3
Bg4 9. Bxa6 bxa6 10. Na4 Qa5+ 11. c3 Nd7 12. O-O O-O 13. Qb3 Bxf3 14. gxf3 e5
15. Bg3 Kh7 16. Qb7 Rfd8 17. Qxc6 Rac8 18. b4 Rxc6 19. bxa5 Rc4 20. Nb2 Rxc3
21. dxe5 Nxe5 22. Kg2 Rc2 23. Rab1 Nxf3 24. Kxf3 Bxb2 25. Rfd1 Rd7 26. e4 dxe4+
27. Kxe4 Rc4+ 28. Kf3 Rxd1 29. Rxd1 Kg7 30. Rd6 Bf6 31. Rxa6 Bxh4 32. Be5+ Kh6
33. Rxa7 f6 34. Bc7 Rc3+ 35. Kg2 Rc2 36. Bb6 Rxa2 37. Ra8 Bg5 38. a6 Bf4 39. a7
Kg5 40. Rg8 Kf5 41. a8=Q Rxa8 42. Rxa8 g5 43. Bd4 g4 44. Ra5+ Kg6 45. Ra6 Bg5
46. Kg3 Kf5 47. Ra5+ Ke4 48. Bxf6 h4+ 49. Kxg4 Bxf6 50. f4 Ke3 51. Re5+ Kf2 52.
Re6 Bd8 53. Rh6 Ke3 54. f5 Ke4 55. Re6+ Kd5 56. Re2 Kd6 57. Kh5 Kd7 58. Kg6 Bc7
59. Re3 Bb6 60. Re4 Bf2 61. Re2 Bb6 62. Rh2 Bd8 63. f6 Ke6 64. f7 Be7 65. Rxh4
1-0

[Event "GBR-ch105 Major Open"]
[Site "Hull"]
[Date "2018.08.03"]
[Round "7"]
[White "Wilson, Matthew R"]
[Black "Lovell, William PM"]
[Result "1-0"]
[WhiteElo "1816"]
[BlackElo "1754"]
[PlyCount "91"]
[EventDate "2018.07.28"]
[EventType "swiss"]
[EventRounds "9"]
[EventCountry "GBR"]
[SourceTitle "CBM 185 Extra"]
[Source "ChessBase"]
[SourceDate "2018.06.29"]
[SourceVersion "1"]
[SourceVersionDate "2018.06.29"]
[SourceQuality "1"]

1. Nf3 d5 2. b3 c5 3. Bb2 Nc6 4. e3 Bg4 5. h3 Bh5 6. d4 cxd4 7. exd4 e6 8. Nbd2
Bb4 9. Be2 Nf6 10. a3 Bd6 11. O-O O-O 12. c4 Rc8 13. Ne5 Bxe2 14. Qxe2 Re8 15.
Rac1 Nd7 16. f4 f5 17. b4 a6 18. Nxd7 Qxd7 19. c5 Be7 20. Bc3 Bf6 21. Nf3 Na7
22. Qd1 Qc7 23. Nd2 Nb5 24. Nb1 b6 25. a4 Na7 26. Qd3 Qb7 27. Na3 b5 28. axb5
axb5 29. Ra1 Ra8 30. Nc2 Nc6 31. Rfe1 Kf7 32. Qe2 Bh4 33. Qh5+ Kg8 34. Qxh4
Rxa1 35. Rxa1 Ra8 36. Qe1 Kf7 37. Rxa8 Qxa8 38. Qa1 Qb7 39. Ne1 h6 40. Nf3 Ke7
41. Be1 Kf8 42. Ne5 Nxe5 43. fxe5 Kf7 44. Qa5 g5 45. Qb6 Qd7 46. c6 1-0